Economía y sociedad (Registro nro. 4987)
[ vista simple ]
| 000 -LEADER | |
|---|---|
| fixed length control field | 01260 a2200229 4500 |
| 001 - CONTROL NUMBER | |
| control field | 50231 |
| 005 - DATE AND TIME OF LATEST TRANSACTION | |
| control field | 20260407155802.0 |
| 008 - FIXED-LENGTH DATA ELEMENTS--GENERAL INFORMATION | |
| fixed length control field | 260407a1964 arg spa d |
| 003 - CONTROL NUMBER IDENTIFIER | |
| control field | AR-UNSa-BCEJYS |
| 040 ## - CATALOGING SOURCE | |
| Original cataloging agency | AR-UNSa-BCEJYS |
| Language of cataloging | spa |
| Transcribing agency | AR-UNSa-BCEJYS |
| 080 ## - UNIVERSAL DECIMAL CLASSIFICATION NUMBER | |
| Universal Decimal Classification number | 316 |
| Common auxiliary subdivision | Sociología |
| 020 ## - INTERNATIONAL STANDARD BOOK NUMBER | |
| International Standard Book Number | 968-16-0285-4 |
| 041 ## - LANGUAGE CODE | |
| Language code of text/sound track or separate title | spa |
| 100 1# - MAIN ENTRY--PERSONAL NAME | |
| Personal name | Weber, Max |
| 245 10 - TITLE STATEMENT | |
| Title | Economía y sociedad |
| Name of part/section of a work | esbozo de sociología comprensiva |
| 250 ## - EDITION STATEMENT | |
| Edition statement | 2a. ed. |
| 264 #1 - PRODUCTION, PUBLICATION, DISTRIBUTION, MANUFACTURE, AND COPYRIGHT NOTICE | |
| Place of production, publication, distribution, manufacture | México : |
| Name of producer, publisher, distributor, manufacturer | Fondo de Cultura Económica |
| Date of production, publication, distribution, manufacture, or copyright notice | 1964 |
| 300 ## - PHYSICAL DESCRIPTION | |
| Extent | 1237 p. |
| Dimensions | 24 cm. |
| 505 ## - FORMATTED CONTENTS NOTE | |
| Formatted contents note | PRIMERA PARTE: TEORÍA DE LAS CATEGORÍAS SOCIOLÓGICAS: 1. Conceptos sociológicos fundamentales - 2. Las categorías sociológicas fundamentales de la vida económica - 3. Los tipos de dominación - 4. Estamentos y clases -- SEGUNDA PARTE: LA ECONOMÍA Y LOS ÓRDENES Y PODERES SOCIALES: 1. La economía y los diversos órdenes - 2. Economía y sociedad en general - 3. Tipos de comunidad y sociedad - 4. Comunidades éticas - 5. Sociología de la comunidad religiosa (Sociología de la religión) - 6. Mercado (incompleto) - 7. Economía y derecho (Sociología del derecho) - 8. Las comunidades políticas - 9. Sociología de la dominación. |
| 590 ## - LOCAL NOTE (RLIN) | |
| Local note | niveau_biblio:m niveau_hierar:0 |
| 942 ## - ADDED ENTRY ELEMENTS (KOHA) | |
| Koha item type | |
| Withdrawn status | Lost status | Damaged status | Not for loan | Home library | Current library | Shelving location | Date acquired | Total checkouts | Full call number | Barcode | Date last seen | Price effective from | Koha item type |
|---|---|---|---|---|---|---|---|---|---|---|---|---|---|
| Biblioteca Prof. Eusebio Cleto del Rey | Biblioteca Prof. Eusebio Cleto del Rey | 07/04/2026 | 316 W373 2ed. | L45669 | 07/04/2026 | 07/04/2026 | Libro |